00348pam a2200121 a 4500020002000000041000800020082001500028100002400043245005200067250001400119260006800133300002500201 a9780070619883c aeng a515.7bRUD aRudin W ,eAuthor . aFunctional Analysis 2 nd ed hTextual Documents a2 nd ed . aNew DelhibMc Graw Hill Education (India) Private Limitedc2016 axv/424:bPB;c24*18.